[Event "Hastings Masters"]
[Site "Horntye, Hastings"]
[Date "2018.01.01"]
[Round "5.29"]
[White "Witt, Holger"]
[Black "Willson, Ollie"]
[Result "0-1"]
[BlackElo "2057"]
[WhiteElo "1585"]
[LiveChessVersion "1.4.8"]

1. c4 {[%clk 1:40:57]} Nf6 {[%clk 1:40:50]} 2. Nc3 {[%clk 1:41:10]} b6
{[%clk 1:41:13]} 3. Nf3 {[%clk 1:40:53]} Bb7 {[%clk 1:41:11]} 4. d3
{[%clk 1:40:05]} c5 {[%clk 1:36:18]} 5. e4 {[%clk 1:39:46]} d6 {[%clk 1:36:34]}
6. g3 {[%clk 1:38:15]} e6 {[%clk 1:36:38]} 7. Bg2 {[%clk 1:38:34]} Be7
{[%clk 1:37:01]} 8. O-O {[%clk 1:38:31]} O-O {[%clk 1:37:24]} 9. h3
{[%clk 1:32:43]} Nbd7 {[%clk 1:18:57]} 10. Be3 {[%clk 1:30:44]} Rc8 11. b3
{[%clk 1:17:46]} Qc7 {[%clk 1:00:46]} 12. Rc1 {[%clk 1:12:42]} Qb8 13. Qe2
{[%clk 1:07:27]} Rfe8 {[%clk 0:49:57]} 14. Bf4 {[%clk 1:02:03]} Nf8
{[%clk 0:41:36]} 15. Nh4 {[%clk 0:41:25]} N6d7 {[%clk 0:28:59]} 16. Nf3
{[%clk 0:37:45]} Ng6 {[%clk 0:28:49]} 17. Bg5 {[%clk 0:35:45]} Bf8
{[%clk 0:25:13]} 18. Nh4 {[%clk 0:27:37]} Nxh4 {[%clk 0:23:46]} 19. Bxh4
{[%clk 0:26:59]} Ne5 {[%clk 0:19:06]} 20. Bg5 {[%clk 0:22:59]} Nc6
{[%clk 0:17:45]} 21. Qg4 {[%clk 0:20:56]} Ne5 {[%clk 0:16:08]} 22. Qe2
{[%clk 0:21:10]} a6 {[%clk 0:14:45]} 23. Kh2 {[%clk 0:20:24]} Qc7
{[%clk 0:15:01]} 24. f4 {[%clk 0:18:53]} Nc6 {[%clk 0:15:05]} 25. f5
{[%clk 0:18:37]} f6 26. Bf4 {[%clk 0:16:02]} Nd4 {[%clk 0:04:40]} 27. Qh5
{[%clk 0:10:22]} e5 {[%clk 0:04:01]} 28. Be3 {[%clk 0:09:41]} b5 {[%clk 0:03:58]}
29. Bxd4 {[%clk 0:07:07]} cxd4 {[%clk 0:04:24]} 30. Ne2 {[%clk 0:06:22]} bxc4
{[%clk 0:04:12]} 31. bxc4 {[%clk 0:06:35]} Qa5 {[%clk 0:04:01]} 32. Ra1
{[%clk 0:04:50]} Bc6 {[%clk 0:04:25]} 33. Rfd1 {[%clk 0:04:07]} Rb8
{[%clk 0:04:47]} 34. g4 {[%clk 0:04:22]} Ba4 {[%clk 0:04:41]} 35. Rg1
{[%clk 0:04:19]} Qd2 {[%clk 0:05:01]} 36. Ng3 {[%clk 0:02:32]} Rb2
{[%clk 0:04:59]} 37. g5 {[%clk 0:02:42]} Qxg5 {[%clk 0:05:09]} 38. Qxg5
{[%clk 0:03:10]} fxg5 {[%clk 0:05:34]} 39. a3 {[%clk 0:03:17]} Reb8
{[%clk 0:05:54]} 40. Nh5 {[%clk 0:02:43]} Be7 {[%clk 0:05:45]} 41. Raf1
{[%clk 0:49:52]} Bf6 {[%clk 0:55:16]} 42. Nxf6+ {[%clk 0:46:28]} gxf6
{[%clk 0:55:32]} 43. h4 {[%clk 0:46:52]} h6 {[%clk 0:55:46]} 44. Kh3
{[%clk 0:46:23]} Rd2 {[%clk 0:51:01]} 0-1

[Event "Hastings Masters"]
[Site "Horntye, Hastings"]
[Date "2018.01.01"]
[Round "5.30"]
[White "Anderson, John"]
[Black "Pickersgill, Adrian O"]
[Result "1-0"]
[BlackElo "1991"]
[WhiteElo "2184"]
[LiveChessVersion "1.4.8"]

1. d4 {[%clk 1:40:56]} d6 {[%clk 1:40:53]} 2. e4 {[%clk 1:40:14]} Nf6
{[%clk 1:41:17]} 3. Nc3 {[%clk 1:40:42]} c6 {[%clk 1:41:34]} 4. f4
{[%clk 1:40:35]} Qa5 {[%clk 1:41:13]} 5. e5 {[%clk 1:39:46]} Ne4 {[%clk 1:40:54]}
6. Qf3 {[%clk 1:40:04]} d5 {[%clk 1:40:54]} 7. Bd3 {[%clk 1:39:58]} Na6
{[%clk 1:40:23]} 8. Nge2 {[%clk 1:40:09]} Nb4 {[%clk 1:39:52]} 9. O-O
{[%clk 1:39:59]} Nxd3 {[%clk 1:37:46]} 10. cxd3 {[%clk 1:39:15]} Nxc3
{[%clk 1:37:42]} 11. bxc3 {[%clk 1:39:15]} g6 {[%clk 1:37:03]} 12. a4
{[%clk 1:34:24]} Bg7 {[%clk 1:34:38]} 13. Ba3 {[%clk 1:33:44]} Qc7
{[%clk 1:33:44]} 14. h3 h5 {[%clk 1:32:09]} 15. Rfb1 {[%clk 1:13:45]} Be6
{[%clk 1:30:45]} 16. a5 {[%clk 1:10:09]} O-O {[%clk 1:29:54]} 17. g4
{[%clk 0:52:55]} hxg4 {[%clk 1:29:16]} 18. hxg4 {[%clk 0:53:23]} Qd7
{[%clk 1:29:13]} 19. f5 {[%clk 0:52:39]} gxf5 {[%clk 1:28:41]} 20. g5
{[%clk 0:53:02]} f4 {[%clk 1:22:49]} 21. Nxf4 {[%clk 0:51:56]} Bf5
{[%clk 1:20:51]} 22. Ra2 {[%clk 0:49:44]} Rfb8 {[%clk 1:17:21]} 23. Rh2
{[%clk 0:48:22]} b6 {[%clk 1:11:41]} 24. Rf1 {[%clk 0:47:43]} f6 {[%clk 1:04:34]}
25. gxf6 {[%clk 0:41:16]} exf6 {[%clk 1:04:26]} 26. Nh5 {[%clk 0:38:45]} Bg6
{[%clk 0:53:26]} 27. Nxf6+ {[%clk 0:37:56]} Bxf6 {[%clk 0:53:46]} 28. Qxf6
{[%clk 0:38:18]} Qg7 {[%clk 0:53:31]} 29. Rg2 {[%clk 0:38:40]} Kh7
{[%clk 0:51:48]} 30. Qxg7+ {[%clk 0:38:57]} Kxg7 {[%clk 0:52:09]} 31. Rf6
{[%clk 0:39:22]} 1-0

[Event "Hastings Masters"]
[Site "Horntye, Hastings"]
[Date "2018.01.01"]
[Round "5.31"]
[White "Snape, Ian L"]
[Black "Rahulan, Thivyaa"]
[Result "1-0"]
[BlackElo "1825"]
[WhiteElo "2152"]
[LiveChessVersion "1.4.8"]

1. e4 {[%clk 1:40:56]} c5 {[%clk 1:40:52]} 2. Nf3 {[%clk 1:41:21]} d6
{[%clk 1:41:10]} 3. d4 {[%clk 1:41:45]} cxd4 {[%clk 1:41:31]} 4. Nxd4
{[%clk 1:42:09]} Nf6 {[%clk 1:41:47]} 5. Nc3 {[%clk 1:42:22]} g6 {[%clk 1:42:06]}
6. Be3 {[%clk 1:41:49]} Bg7 {[%clk 1:42:24]} 7. f3 {[%clk 1:42:14]} O-O
{[%clk 1:42:41]} 8. Qd2 {[%clk 1:42:40]} Nc6 {[%clk 1:42:55]} 9. Bc4
{[%clk 1:43:05]} Bd7 {[%clk 1:43:00]} 10. h4 h5 {[%clk 1:42:22]} 11. O-O-O
{[%clk 1:42:38]} Rc8 {[%clk 1:41:38]} 12. Bb3 {[%clk 1:43:02]} Ne5
{[%clk 1:39:59]} 13. Bh6 {[%clk 1:41:57]} Rc5 {[%clk 1:38:07]} 14. Bxg7
{[%clk 1:39:42]} Kxg7 {[%clk 1:38:28]} 15. Kb1 {[%clk 1:39:07]} b5
{[%clk 1:36:56]} 16. Nd5 {[%clk 1:33:32]} Nxd5 {[%clk 1:27:40]} 17. Bxd5
{[%clk 1:31:48]} e6 {[%clk 1:13:09]} 18. f4 {[%clk 1:31:43]} Ng4 {[%clk 1:05:30]}
19. Bb3 {[%clk 1:31:56]} Nf6 {[%clk 0:59:55]} 20. Nf3 {[%clk 1:26:25]} Bc6
{[%clk 0:49:10]} 21. e5 {[%clk 1:05:50]} Nd5 {[%clk 0:42:47]} 22. Qd4
{[%clk 1:03:56]} Kg8 {[%clk 0:40:45]} 23. Ng5 {[%clk 0:57:17]} Ba8
{[%clk 0:30:15]} 24. Ne4 {[%clk 0:54:48]} Rc7 {[%clk 0:29:52]} 25. exd6
{[%clk 0:53:56]} Rd7 {[%clk 0:28:45]} 26. Bxd5 {[%clk 0:54:11]} Bxd5
{[%clk 0:28:43]} 27. Nf6+ {[%clk 0:54:34]} 1-0

[Event "Hastings Masters"]
[Site "Horntye, Hastings"]
[Date "2018.01.01"]
[Round "5.32"]
[White "Woong, Zhi Wei William"]
[Black "Stone, Mark"]
[Result "1-0"]
[BlackElo "1591"]
[WhiteElo "2137"]
[LiveChessVersion "1.4.8"]

1. e4 {[%clk 1:40:55]} d5 {[%clk 1:40:53]} 2. exd5 {[%clk 1:41:21]} Qxd5
{[%clk 1:41:15]} 3. Nc3 {[%clk 1:41:45]} Qa5 {[%clk 1:41:39]} 4. d4
{[%clk 1:42:06]} Nf6 {[%clk 1:42:00]} 5. Bc4 {[%clk 1:39:14]} c6 {[%clk 1:42:11]}
6. Nge2 {[%clk 1:35:57]} Bg4 {[%clk 1:37:06]} 7. f3 {[%clk 1:29:37]} Bf5
{[%clk 1:35:42]} 8. Bf4 {[%clk 1:20:00]} e6 {[%clk 1:33:46]} 9. O-O
{[%clk 1:14:38]} Be7 {[%clk 1:33:05]} 10. Ng3 {[%clk 1:11:47]} Bg6
{[%clk 1:30:24]} 11. Qd2 {[%clk 1:08:49]} O-O {[%clk 1:28:03]} 12. Nd5
{[%clk 1:06:55]} Qd8 {[%clk 1:25:48]} 13. Nc7 {[%clk 1:05:19]} Nbd7 14. Nxa8
{[%clk 1:05:09]} Qxa8 {[%clk 1:20:39]} 15. Qe2 {[%clk 1:01:19]} Qd8
{[%clk 1:16:14]} 16. Rad1 {[%clk 0:55:48]} Nb6 {[%clk 1:11:32]} 17. Bb3
{[%clk 0:55:32]} Nbd5 {[%clk 1:09:59]} 18. Be5 {[%clk 0:49:15]} b5
{[%clk 0:56:12]} 19. Ne4 {[%clk 0:42:35]} Nxe4 {[%clk 0:52:12]} 20. fxe4
{[%clk 0:42:24]} Nf6 {[%clk 0:47:30]} 21. Bxf6 {[%clk 0:42:13]} Bxf6
{[%clk 0:47:39]} 22. c3 {[%clk 0:41:03]} Qb6 {[%clk 0:43:27]} 23. Kh1
{[%clk 0:38:44]} a6 {[%clk 0:31:28]} 24. e5 {[%clk 0:34:49]} Be7 {[%clk 0:31:12]}
25. Bc2 {[%clk 0:34:35]} Bxc2 {[%clk 0:29:30]} 26. Qxc2 {[%clk 0:34:59]} Qd8
{[%clk 0:24:24]} 27. c4 {[%clk 0:33:25]} Qa8 {[%clk 0:16:23]} 28. d5
{[%clk 0:27:59]} exd5 {[%clk 0:13:23]} 29. cxd5 {[%clk 0:28:22]} cxd5
{[%clk 0:12:53]} 30. Qd3 {[%clk 0:28:33]} g6 {[%clk 0:11:46]} 31. Qxd5
{[%clk 0:28:27]} Qxd5 {[%clk 0:10:42]} 32. Rxd5 {[%clk 0:28:51]} Rd8
{[%clk 0:09:47]} 33. Rxd8+ {[%clk 0:24:46]} Bxd8 {[%clk 0:10:15]} 34. g3 Bc7
{[%clk 0:09:38]} 35. Rf6 {[%clk 0:21:10]} Bxe5 {[%clk 0:08:51]} 36. Rxa6
{[%clk 0:21:30]} Bxb2 {[%clk 0:06:58]} 37. Rb6 {[%clk 0:21:51]} h5
{[%clk 0:04:15]} 38. Rxb5 {[%clk 0:22:10]} Bd4 {[%clk 0:04:05]} 39. a4
{[%clk 0:22:31]} Kf8 {[%clk 0:01:20]} 40. a5 {[%clk 0:22:32]} Ke8
{[%clk 0:00:46]} 41. a6 {[%clk 0:22:57]} Kd7 {[%clk 0:00:43]} 42. Rd5+
{[%clk 0:23:22]} 1-0

[Event "Hastings Masters"]
[Site "Horntye, Hastings"]
[Date "2018.01.01"]
[Round "5.33"]
[White "Coote, Trevor D"]
[Black "Metcalfe, Charlie P"]
[Result "1/2-1/2"]
[BlackElo "1705"]
[WhiteElo "2104"]
[LiveChessVersion "1.4.8"]

1. e4 {[%clk 1:40:57]} e6 {[%clk 1:40:58]} 2. d4 {[%clk 1:41:16]} d5
{[%clk 1:41:26]} 3. Nd2 {[%clk 1:41:37]} dxe4 {[%clk 1:41:54]} 4. Nxe4
{[%clk 1:41:54]} Nd7 {[%clk 1:42:22]} 5. Nf3 {[%clk 1:40:11]} Ngf6
{[%clk 1:42:49]} 6. Bd3 {[%clk 1:38:20]} c5 {[%clk 1:41:58]} 7. O-O
{[%clk 1:34:23]} Nxe4 {[%clk 1:32:32]} 8. Bxe4 {[%clk 1:34:43]} Nf6
{[%clk 1:32:55]} 9. Bd3 {[%clk 1:29:24]} cxd4 {[%clk 1:29:02]} 10. Nxd4
{[%clk 1:28:50]} Bc5 {[%clk 1:25:49]} 11. Nb3 {[%clk 1:28:37]} Be7
{[%clk 1:24:31]} 12. Bb5+ {[%clk 1:08:10]} Bd7 {[%clk 1:24:26]} 13. Bxd7+
{[%clk 1:07:28]} Qxd7 {[%clk 1:24:18]} 14. Qxd7+ {[%clk 1:07:36]} Nxd7
{[%clk 1:23:25]} 15. Rd1 {[%clk 1:07:49]} Rc8 {[%clk 1:18:45]} 16. c3
{[%clk 1:06:57]} Nf6 {[%clk 1:16:25]} 17. Be3 {[%clk 1:05:49]} b6
{[%clk 1:14:37]} 18. a4 {[%clk 0:57:39]} Nd5 {[%clk 1:13:05]} 19. Bd4
{[%clk 0:55:57]} Bf6 {[%clk 1:10:29]} 20. Bxf6 {[%clk 0:46:00]} Nxf6
{[%clk 1:08:55]} 21. Rac1 {[%clk 0:38:19]} O-O {[%clk 1:04:59]} 22. Rd4
{[%clk 0:35:11]} Rfd8 {[%clk 1:03:42]} 23. Rcd1 {[%clk 0:35:24]} Rd5
{[%clk 1:01:58]} 24. Rxd5 {[%clk 0:30:20]} Nxd5 {[%clk 1:01:15]} 25. Rd4
{[%clk 0:29:52]} Kf8 {[%clk 0:59:39]} 26. f4 {[%clk 0:24:13]} Nf6
{[%clk 0:58:31]} 1/2-1/2

[Event "Hastings Masters"]
[Site "Horntye, Hastings"]
[Date "2018.01.01"]
[Round "5.34"]
[White "Rayner, Francis"]
[Black "Howell, Oliver W"]
[Result "1-0"]
[WhiteElo "2071"]
[BlackElo "1765"]
[PlyCount "39"]
[EventDate "2017.12.28"]

1. Nf3 Nf6 2. c4 c5 3. Nc3 g6 4. d4 cxd4 5. Nxd4 Bg7 6. e4 Nc6 7. Nc2 d6 8. Be2
O-O 9. Be3 a6 10. O-O Qc7 11. f3 Na5 12. Na3 Be6 13. Rc1 Nd7 14. Qd2 Rfc8 15.
Nd5 Bxd5 16. cxd5 Qd8 17. b4 Nc6 18. dxc6 bxc6 19. Nc4 c5 20. a3 1-0

[Event "Hastings Masters"]
[Site "Horntye, Hastings"]
[Date "2018.01.01"]
[Round "5.35"]
[White "Ramstad, Havard"]
[Black "Ter Steeg, Marcus"]
[Result "0-1"]
[WhiteElo "1965"]
[BlackElo "2066"]
[PlyCount "100"]
[EventDate "2017.12.28"]

1. d4 Nf6 2. c4 d6 3. Nc3 Nbd7 4. e4 e5 5. Nf3 Be7 6. Be2 O-O 7. O-O c6 8. h3
a6 9. a4 a5 10. Be3 exd4 11. Nxd4 Nc5 12. Qc2 Re8 13. Rad1 Qc7 14. f3 Bf8 15.
Bf4 Be6 16. Kh1 Rad8 17. Nxe6 fxe6 18. Bh2 e5 19. Bd3 g6 20. f4 exf4 21. Rxf4
Nh5 22. Rf3 Bg7 23. Qf2 Qe7 24. Bc2 Be5 25. Rf1 Rf8 26. g4 Rxf3 27. Qxf3 Ng7
28. Bg1 Nge6 29. Ne2 Rf8 30. Qg2 Rxf1 31. Qxf1 Bxb2 32. Kg2 Qf6 33. Qd1 Be5 34.
Be3 Kg7 35. Qe1 b6 36. Qb1 Nd7 37. Bxb6 Nf4+ 38. Nxf4 Qxf4 39. Bxa5 Qg3+ 40.
Kf1 Qxh3+ 41. Ke1 Qe3+ 42. Kd1 Qf3+ 43. Kc1 Nc5 44. Bb4 Qf1+ 45. Kd2 Bf4+ 46.
Kc3 Be5+ 47. Kd2 Qf2+ 48. Kc1 Bf4+ 49. Kd1 Qf1+ 50. Be1 Qf3# 0-1

[Event "Hastings Masters"]
[Site "Horntye, Hastings"]
[Date "2018.01.01"]
[Round "5.36"]
[White "Wilson, Matthew R"]
[Black "Tserendorj, Batsaikhan"]
[Result "0-1"]
[WhiteElo "1782"]
[BlackElo "2066"]
[PlyCount "68"]
[EventDate "2017.12.28"]

1. e4 g6 2. Nc3 Bg7 3. f4 c6 4. Nf3 d5 5. e5 Bg4 6. h3 Bxf3 7. Qxf3 e6 8. b3 h5
9. Ba3 Bf8 10. Bxf8 Kxf8 11. Bd3 h4 12. O-O Nd7 13. Qe3 Ne7 14. Na4 Qa5 15. Nb2
b5 16. c4 bxc4 17. bxc4 Rb8 18. Rfb1 Kg7 19. cxd5 cxd5 20. Nd1 Nc5 21. Nc3 d4
22. Qxd4 Rbd8 23. Rb5 Rxd4 24. Rxa5 Nxd3 25. Rxa7 Nf5 26. Rb1 Nxf4 27. Rf1 Rh5
28. Nb5 Rg5 29. g4 Nxh3+ 30. Kh2 Rdxg4 31. Rxf5 Rg2+ 32. Kxh3 R5g3+ 33. Kxh4
exf5 34. Ra4 g5+ 0-1

[Event "Hastings Masters"]
[Site "Horntye, Hastings"]
[Date "2018.01.01"]
[Round "5.37"]
[White "Flynn, David"]
[Black "Berger, Konstantin"]
[Result "0-1"]
[WhiteElo "1876"]
[BlackElo "2041"]
[PlyCount "110"]
[EventDate "2017.12.28"]

1. e4 c5 2. c3 Nf6 3. e5 Nd5 4. Nf3 Nc6 5. Bc4 Nb6 6. Bb3 d5 7. exd6 Qxd6 8.
Na3 Be6 9. d4 cxd4 10. Nb5 Qd7 11. Nbxd4 Bxb3 12. Qxb3 Nxd4 13. Nxd4 g6 14. O-O
Bg7 15. Nf3 Qa4 16. Be3 Qxb3 17. axb3 O-O 18. Bc5 Rfe8 19. Rfe1 e5 20. Bd6 Nd7
21. Ra5 f6 22. Rb5 b6 23. Rd5 Bf8 24. Bxf8 Nxf8 25. Red1 Kf7 26. Kf1 Ke7 27.
Ke2 Red8 28. Rxd8 Rxd8 29. Rxd8 Kxd8 30. Kd3 Ne6 31. Kc4 Nf4 32. Ne1 Kc7 33.
Kb5 Kb7 34. f3 a6+ 35. Kc4 Kc6 36. g3 Ne6 37. Nd3 a5 38. b4 b5+ 39. Kb3 a4+ 40.
Ka3 Kd5 41. b3 axb3 42. Kxb3 f5 43. Nb2 Ng5 44. f4 exf4 45. gxf4 Ne6 46. c4+
bxc4+ 47. Nxc4 Nxf4 48. b5 Nd3 49. b6 Kc6 50. Kc3 Nc5 51. Kb4 Nd7 52. Ka5 f4
53. Ka6 Kd5 54. Kb5 Nxb6 55. Nxb6+ Ke4 0-1

[Event "Hastings Masters"]
[Site "Horntye, Hastings"]
[Date "2018.01.01"]
[Round "5.38"]
[White "Dempsey, John"]
[Black "Lochte, Szilvia"]
[Result "1/2-1/2"]
[WhiteElo "1911"]
[BlackElo "1850"]
[PlyCount "53"]
[EventDate "2017.12.28"]

1. e4 c5 2. Nf3 e6 3. Qe2 Nc6 4. g3 g6 5. Bg2 Bg7 6. d3 d6 7. c3 Nge7 8. O-O
O-O 9. Be3 e5 10. Ng5 h6 11. Nh3 Be6 12. f4 Qd7 13. Nf2 exf4 14. Bxf4 d5 15.
Na3 Rad8 16. Rad1 d4 17. c4 a6 18. Nc2 b5 19. b3 b4 20. Ne1 g5 21. Bd2 Ne5 22.
Nf3 N7g6 23. Nxe5 Bxe5 24. Qh5 Kg7 25. Bh3 Bxh3 26. Qxh3 Qxh3 27. Nxh3 1/2-1/2

[Event "Hastings Masters"]
[Site "Horntye, Hastings"]
[Date "2018.01.01"]
[Round "5.39"]
[White "Warnke, Klaus"]
[Black "Pagamdulam, Munkhdemberel"]
[Result "1-0"]
[WhiteElo "1716"]
[BlackElo "1175"]
[PlyCount "55"]
[EventDate "2017.12.28"]

1. d4 Nf6 2. c4 g6 3. Nc3 Bg7 4. e4 d6 5. Be2 O-O 6. Be3 Nc6 7. Nf3 e5 8. d5
Ne7 9. b4 Ne8 10. Nd2 f5 11. f3 f4 12. Bf2 h5 13. Qb3 Kh8 14. c5 g5 15. h3 h4
16. O-O Kg8 17. Rac1 Rf7 18. Nb5 a6 19. cxd6 cxd6 20. Nc3 Bd7 21. Nc4 Rb8 22.
Bb6 Qc8 23. Nxd6 Nxd6 24. Nb5 Qf8 25. Nxd6 Rf6 26. Nc4 Nc8 27. Bc7 Ra8 28. Bxe5
1-0

[Event "Hastings Masters"]
[Site "Horntye, Hastings"]
[Date "2018.01.01"]
[Round "5.40"]
[White "Kearsley, Raymond J"]
[Black "Verma, Shlok"]
[Result "1/2-1/2"]
[WhiteElo "1720"]
[BlackElo "1553"]
[PlyCount "55"]
[EventDate "2017.12.28"]

1. e4 e6 2. d4 d5 3. Nc3 dxe4 4. Nxe4 Bd7 5. Nf3 Bc6 6. Bd3 Nd7 7. O-O Ngf6 8.
Nxf6+ Qxf6 9. c3 h6 10. Re1 Bd6 11. Be4 Bxe4 12. Rxe4 O-O 13. Qe2 Rad8 14. Ne5
Bxe5 15. dxe5 Nxe5 16. Bf4 Nc6 17. Bxc7 Rd7 18. Bf4 Rfd8 19. h3 Qf5 20. Qc4 e5
21. g4 Qf6 22. Be3 Qf3 23. Rf1 Qxh3 24. Qe2 Re6 25. f3 Rd3 26. Bd4 exd4 27.
Qxd3 Qg3+ 28. Kh1 1/2-1/2